000 00642cam a22002171 4500
001 af 48003854
003 DLC
005 20260227110904.0
008 840413s1947 gw c b 000 1 ger c
010 _aaf 48003854
035 _a(OCoLC)10626001
040 _aYale Univ. Library
_cNhD
_dDLC
042 _apremarc
050 0 0 _aPT2638.N3
_bT7
100 1 _aSchnack, Friedrich,
_d1888-
245 1 4 _aDie Traube;
_bGedichte und Erzählungen.
260 _a[Bad Wörishofen]
_bDrei-Säulen-Verlag
_c[1947]
300 _a79 p.
_bport.
_c18 cm.
440 4 _aDas Kleine Säulenbuch,
_vBd. 4
504 _a"Das Werk von Friedrich Schnack": p. 77-79.
999 _c5796
_d5796